000 01107cam a22002654a 4500
005 20260410173814.0
008 090107s2010 mdua b 001 0 eng
020 _a9780781788076
040 _aKABLIB
_cKABLIB
_erda
082 0 0 _223
_a618
_bOBS
245 0 0 _aObstetrics and gynecology /
_cCharles R.B. Beckmann ... [et al.].
250 _a6th ed. /
_bAmerican College of Obstetrics and Gynecology (ACOG) with Charles
260 _aBaltimore, MD ; Philadelphia :
_bLippincott Williams & Wilkins,
_cc2010.
300 _axiii, 497 p. :
_bill. (some col.) ;
_c28 cm.
504 _aIncludes bibliographical references, appendix, index.
650 0 _aGynecology.
650 0 _aObstetrics.
650 1 2 _aGenital Diseases, Female.
_91071
650 2 2 _aPregnancy.
700 1 _aBeckmann, Charles R. B.
_915796
710 2 _aAmerican College of Obstetricians and Gynecologists.
_91004
856 4 2 _3Publisher description
_uhttp://www.loc.gov/catdir/enhancements/fy0916/2009000502-d.html
856 4 1 _3Table of contents only
_uhttp://www.loc.gov/catdir/enhancements/fy1012/2009000502-t.html
942 _2ddc
_cBOOK
999 _c6208
_d6208